| 000 | 00780nam a2200241Ia 4500 | ||
|---|---|---|---|
| 003 | GCL | ||
| 008 | 140319s9999 xx 000 0 ara d | ||
| 040 |
_aGCL / _cGCL |
||
| 082 | 0 | 4 |
_a344.02 _bم و |
| 100 | 1 | _aمصطفى الحمال | |
| 245 | 1 | 0 |
_aالوسيط فى التامينات الاجتماعية / _cمصطفى الحمال |
| 260 |
_a[S.N] : _bدار المطبوعات الجامعية ، _c1984 |
||
| 300 | _a469 ص | ||
| 490 | _a | ||
| 650 | 0 | 4 | _aالقانون |
| 650 | 0 | 4 | _aالقانون المدنى |
| 650 | 0 | 4 | _aالتأمينات الاجتماعية |
| 650 | 0 | 4 | _aالتأمين الصحى |
| 650 | 0 | 4 | _aالتشريعات الاجتماعية |
| 650 | 0 | 4 | _aتعويضات العمال |
| 650 | 0 | 4 | _aاصابات العمل |
| 942 |
_2ddc _cBK |
||
| 999 |
_c28400 _d28400 |
||